00647nam a2200205Ia 4500008004100000020001300041040001900054041001200073082002800085100001600113245004600129260004000175300002400215650002800239700002300267850001000290942000700300999001600307952011800323131103s9999 xx 000 0 und d cRs.12.50 aLoreto College aEnglish a954.01/PANbLCLIB/17272 aPandey,V.C. aAncient IndiacV.C.Pandey and U.S.Khattri aLucknowbPrakashan Kendrac[19 - ?] axv,112 p. c 21 cm. aHistory - Ancient India aKhattri,U.S.,auth. aLCLIB cBK c9304d59783 01102ddc4070aMAINbMAINd2013-11-04l1o954.01/PAN LCLIB/17272pB9180r2017-04-03s2017-04-03w2013-11-04yBK